000 00804nam a2200265 a 4500
001 66846
003 BD-RjUL
005 20211209081602.0
008 170320s2000 enka b 001 0 eng
020 _a0632051728 (pbk.)
035 _a(BD-RjUL)66977
040 _aDLC
_cDLC
_dBD-RjUL
_beng
041 _aeng
082 0 0 _a636.5
_223
_bSAP 2002
100 1 _aSainsbury, David.
_9197936
245 1 0 _aPoultry health and management :
_bchicken, turkey, ducks, geese, and quail /
_cDavid Sainsbury.
250 _a4th ed.
260 _aOxford :
_bBlackwell Science,
_c2002.
300 _axii, 204 p. :
_bill. ;
_c24 cm.
504 _aIncludes bibliographical references and index.
650 0 _aPoultry.
_9197937
650 0 _aPoultry
_xHealth.
_9197938
942 _2ddc
_cBK
999 _c66846
_d66846